| 000 | 00436cam a2200181ua 4500 | ||
|---|---|---|---|
| 001 | 3127 | ||
| 008 | 110929n ii |||gr||||Z||||||asm | ||
| 040 | _cMAIN | ||
| 082 | _a891.4513 | ||
| 100 | 1 |
_aSarma, Bibhuti Kumar, _eAuthor. |
|
| 245 | 1 | 1 |
_aAmelene _cby Bibhuti Kumar Sarma |
| 250 | _a1st. | ||
| 260 |
_aDibrugarh: _bBhattarcharyya agency, _c2008. |
||
| 300 |
_a70p: _c23cm. |
||
| 653 | _aFiction | ||
| 653 | _aAmelene | ||
| 942 | _cBK | ||
| 999 |
_c2973 _d2973 |
||